000 00943nas a2200301 4500
001 BR2015001014
003 BR-BrBNA
005 20231205125033.0
007 ta
008 230509b bl.|||p| |||| 00| 00por d
040 _aBR-BrBNA
_bpor
_cBiblioteca Nacional de Agricultura
041 _a(Pt)
072 _aP33
100 1 _aBeutler, A.N.
100 1 _aCenturion, J.F.
100 1 _aRoque, C.G.
100 1 _aFerraz, M.V.
245 1 _aDensidade relativa ótima de latossolos vermelhos para a produtividade de soja
650 _aLATOSSOLO VERMELHO
650 _aSOJA
650 _aCOMPACTAÇÃO DO SOLO
650 _aMANEJO DO SOLO
650 _aPRODUTIVIDADE
773 0 _tRevista Brasileira de Ciência do Solo (Brazil)
_xISSN 0100-0683
_g(Nov-Dec 2005), v. 29(6) p. 843-849
_wBR2015001014
856 4 0 _uhttp://www.scielo.br/pdf/rbcs/v29n6/28953.pdf
909 _a202311
_bLúcia
_c55
_dLúcia Elande
942 _2AGRIS
_n0
_cANA
999 _c242268
_d242268